Normal view
MARC view
- اعداد الحمد، منيرة محمود
Entry Personal Name
001 - CONTROL NUMBER
- control field: 8438
003 - CONTROL NUMBER IDENTIFIER
- control field: JO-AjAnu
005 - DATE AND TIME OF LATEST TRANSACTION
- control field: 20230606071648.0
008 - FIXED-LENGTH DATA ELEMENTS
- fixed length control field: 230606|| aca||aabn | a|a d
040 ## - CATALOGING SOURCE
- Original cataloging agency: JO-AjAnu
- Transcribing agency: JO-AjAnu
100 ## - HEADING--PERSONAL NAME
- Personal name: اعداد الحمد، منيرة محمود
670 ## - SOURCE DATA FOUND
- Source citation: Work cat.: (JO-AjAnu)4356: اعداد الحمد، منيرة محمود, author, الإبدال والإعلال:دراسه نظرية تطبيقية في قصيدة(البردة) اكعب بن زهير بن أبي سلمى رضي الله عنه